000 00421nam a2200181Ia 4500
005 20240823011039.0
008 240823s9999||||xx |||||||||||||| ||und||
041 _aENGLISH
082 _A621.3822 P1
100 _aNagrath I J [et al]
245 0 _aSignals and Systems
250 _a1st
260 _c2001
_b"TMH,New Delhi"
500 _aYES
650 _aSignals
_bInstrumentation
942 _cBK
999 _c160398
_d160398